Langues les plus parlées par région du monde - Statistiques

Statistiques générales
  • Ce quiz a été pris 159 fois
  • Le résultat moyen est 10 sur 20
Statistiques - réponses
Région, institution, pays, etc. Langue la plus parlée % Correct
Union Européenne Allemand
87%
Amérique du Sud Espagnol
83%
Pays de l'ex URSS Russe
82%
Moyen-Orient Arabe
81%
Cité du Vatican Italien
81%
Maghreb Arabe
80%
Polynésie française Français
75%
Commonwealth Anglais
72%
Caraïbes Espagnol
66%
Monde Mandarin
65%
Scandinavie Suédois
64%
Pays de l'ex Yougoslavie Serbe
58%
Svalbard Norvégien
28%
Afrique subsaharienne Kiswahili
25%
Asie du Sud-Est Malais
25%
Groenland Groenlandais
14%
Asie centrale Ouzbek
13%
Mayotte Mahorais
12%
Maldives Maldivien
12%
Papouasie-Nouvelle-Guinée Tok Pisin
6%
Aucun quiz correspondant
Distribution des résultats
% des personnes avec chaque résultat
Percentile par nombre de réponses
Votre historique - résultats
Vous n’avez pas pris ce quiz